000 01261nam a2200337Ia 4500
001 ebr10159626
003 CaPaEBR
006 m u
007 cr cn|||||||||
008 940111s1994 mnua s 001 0 eng d
010 _z 93085419
020 _z9780938586913
020 _z0938586912 (pbk.)
040 _aCaPaEBR
_cCaPaEBR
035 _a(OCoLC)232159958
050 1 4 _aQL699
_b.E74 1994eb
082 0 4 _a598
_220
100 1 _aErickson, Laura,
_d1951-
245 1 0 _aFor the birds
_h[electronic resource] :
_ban uncommon guide /
_cLaura Erickson ; illustrations by Jeff Sonstegard.
260 _aDuluth, Minn. :
_bPfeifer-Hamilton,
_cc1994.
300 _a1 v. (unpaged) :
_bill.
490 1 _aAppointment with nature
500 _aIncludes index.
533 _aElectronic reproduction.
_bPalo Alto, Calif. :
_cebrary,
_d2009.
_nAvailable via World Wide Web.
_nAccess may be limited to ebrary affiliated libraries.
650 0 _aBirds
_vMiscellanea.
650 0 _aBird watching
_vMiscellanea.
655 7 _aElectronic books.
_2local
710 2 _aebrary, Inc.
830 0 _aAppointment with nature.
856 4 0 _uhttp://site.ebrary.com/lib/rucke/Doc?id=10159626
_zAn electronic book accessible through the World Wide Web; click to view
999 _c133487
_d133487